| 000 -CABECERA |
| Longitud fija campo de control |
00394nam a2200157 a 4500 |
| 001 - NÚMERO DE CONTROL |
| Número de control |
3477 |
| 003 - IDENTIFICADOR DEL NÚMERO DE CONTROL |
| Identificador del número de control |
CDMR |
| 005 - FECHA Y HORA DE LA ÚLTIMA TRANSACCIÓN |
| Fecha y hora de la última transacción |
20131025123034.0 |
| 008 - CÓDIGOS DE INFORMACIÓN DE LONGITUD FIJA |
| Códigos de información de longitud fija |
130130s1936||||||||||||||||||||||||||||d |
| 040 ## - FUENTE DE LA CATALOGACIÓN |
| Centro catalogador de origen |
CDMR |
| Lengua de catalogación |
cat |
| Centro transcriptor |
CDMR |
| 100 1# - PUNTO DE ACCESO PRINCIPAL-NOMBRE DE PERSONA |
| Nombre de persona |
Corpechot, Lucien |
| 9 (RLIN) |
2499 |
| 245 10 - MENCIÓN DE TÍTULO |
| Título |
Souvenirs d'un journaliste |
| Mención de responsabilidad, etc. |
Lucien Corpechot |
| 260 ## - PUBLICACIÓN, DISTRIBUCIÓN, ETC. (PIE DE IMPRENTA) |
| Lugar de publicación, distribución, etc. |
Paris |
| Fecha de publicación, distribución, etc. |
1936 |
| Nombre del editor, distribuidor, etc. |
Librairie Plon |
| 300 ## - DESCRIPCIÓN FÍSICA |
| Extensión |
254 p. |
| 942 ## - ENTRADA DE ELEMENTOS AGREGADOS (KOHA) |
| Koha [por defecto] tipo de item |
Monografies |
| Fuente de clasificaión o esquema |
|